La educación norteamericana en el Siglo XX / (Record no. 17731)
[ view plain ]
| 000 -CABECERA | |
|---|---|
| campo de control de longitud fija | 00549nam a2200169 a 4500 |
| 005 - FECHA Y HORA DE LA ÚLTIMA TRANSACCIÓN | |
| campo de control | 20210223121431.0 |
| 008 - ELEMENTOS DE LONGITUD FIJA--INFORMACIÓN GENERAL | |
| campo de control de longitud fija | 991125s1963 mx 000 0 spa u |
| 035 ## - NÚMERO DE CONTROL DEL SISTEMA | |
| Número de control de sistema | UPN01000017731 |
| 049 ## - COLECCIÓN | |
| Colección | CG |
| 050 #4 - SIGNATURA TOPOGRÁFICA DE LA BIBLIOTECA DEL CONGRESO | |
| Número de clasificación | LA209.2 |
| Número de documento/Ítem | K3.38 |
| 100 1# - ASIENTO PRINCIPAL--NOMBRE PERSONAL | |
| Nombre de persona | Kandel, Isaac Leon, |
| Fechas asociadas al nombre | 1881-1965 |
| 9 (RLIN) | 30543 |
| 245 13 - MENCIÓN DE TÍTULO | |
| Título | La educación norteamericana en el Siglo XX / |
| Mención de responsabilidad, etc. | por I. L. Kandel ; tr. de Teresa Escobar Rhode. |
| 260 ## - PUBLICACIÓN, DISTRIBUCIÓN, ETC. | |
| Lugar de publicación, distribución, etc. | México : |
| Nombre del editor, distribuidor, etc. | Libreros Mexicanos Unidos, |
| Fecha de publicación, distribución, etc. | 1963. |
| 300 ## - DESCRIPCIÓN FÍSICA | |
| Extensión | 283 p. |
| 650 #4 - ASIENTO SECUNDARIO DE MATERIA - TERMINO TEMATICO | |
| Término de materia o nombre geográfico como elemento de entrada | EDUCACION - |
| Subdivisión geográfica | ESTADOS UNIDOS - |
| Subdivisión cronológica | 1945- |
| 9 (RLIN) | 16886 |
| 905 ## - TIPO DE MATERIAL | |
| Tipo de material | Libro |
| Estado de retiro | Estado de pérdida | Fuente del sistema de clasificación o colocación | Estado dañado | No para préstamo | Código de colección | Localización permanente | Ubicación/localización actual | Ubicación en estantería | Total de préstamos | Clasificación | Código de barras | Fecha visto por última vez | Número de copia | Tipo de ítem Koha |
|---|---|---|---|---|---|---|---|---|---|---|---|---|---|---|
| Library of Congress Classification | Colección General | Bib. Gregorio Torres Quintero | Bib. Gregorio Torres Quintero | Planta baja | 1 | LA209.2 K3.38 | 1970 | 31/12/2020 | 1 | Libro | ||||
| Library of Congress Classification | Colección General | Bib. Gregorio Torres Quintero | Bib. Gregorio Torres Quintero | Planta baja | 6 | LA209.2 K3.38 | 1969 | 31/12/2020 | 1 | Libro | ||||
| Library of Congress Classification | Colección General | Bib. Gregorio Torres Quintero | Bib. Gregorio Torres Quintero | Planta baja | 7 | LA209.2 K3.38 | 1971 | 31/12/2020 | 1 | Libro |
